Podvojné účetnictví pro podnikatele platné od 1.1.1993
Saved in:
| Main Author: | |
|---|---|
| Format: | Book |
| Language: | Czech |
| Published: |
[S.l.]
Trizonia
1992
|
| Edition: | 1. vyd. |
| Series: | Příručky praktických podnikatelů
Sv. 13 |
| Subjects: | |
| Tags: |
No Tags, Be the first to tag this record!
|
MARC
| LEADER | 00000nam a2200000 4500 | ||
|---|---|---|---|
| 001 | c005019 | ||
| 005 | 20221214090321.0 | ||
| 020 | |a 80-85573-07-5 | ||
| 041 | 0 | |a cze | |
| 044 | |a CS | ||
| 245 | 1 | 0 | |a Podvojné účetnictví pro podnikatele platné od 1.1.1993 |c Petr Ryneš |
| 250 | |a 1. vyd. | ||
| 264 | 1 | |a [S.l.] |b Trizonia |c 1992 | |
| 300 | |a 205 s. | ||
| 490 | 1 | |a Příručky praktických podnikatelů |v Sv. 13 | |
| 830 | 0 | |a Příručky praktických podnikatelů |v Sv. 13 | |
| 610 | 2 | 0 | |a účtovníctvo podvojné |
| 610 | 2 | 0 | |a osnova účtová |
| 610 | 2 | 0 | |a podnikatelia |
| 610 | 2 | 0 | |a papiere cenné |
| 610 | 2 | 0 | |a zmenky |
| 610 | 2 | 0 | |a náklady |
| 610 | 2 | 0 | |a výnosy podnikové |
| 610 | 2 | 0 | |a účty aktív |
| 610 | 2 | 0 | |a účty pasív |
| 610 | 2 | 0 | |a dane z hodnoty pridanej |
| 610 | 2 | 0 | |a výkazy účtovné |
| 610 | 2 | 0 | |a výsledovka |
| 610 | 2 | 0 | |a súvaha |
| 100 | 1 | |a Ryneš, Petr | |